Online
Catalog

La protección del testigo : (Record no. 12490)

MARC details
000 -CABECERA
campo de control de longitud fija 00621cam a2200181 a 4500
001 - NÚMERO DE CONTROL
campo de control 000012842
005 - FECHA Y HORA DE LA ÚLTIMA TRANSACCIÓN
campo de control 20240417185634.0
008 - DATOS DE LONGITUD FIJA--INFORMACIÓN GENERAL
campo de control de longitud fija 000509s1999 ck 000 0 spa
020 ## - NÚMERO INTERNACIONAL ESTÁNDAR DEL LIBRO
Número Internacional Estándar del Libro 958676057X
040 ## - FUENTE DE LA CATALOGACIÓN
Centro catalogador/agencia de origen DO-SdBNP
Lengua de catalogación spa
Centro/agencia modificador BNPHU
082 ## - NÚMERO DE LA CLASIFICACIÓN DECIMAL DEWEY
Número de clasificación 347.066
Número de documento/Ítem O77p
100 1# - ENTRADA PRINCIPAL--NOMBRE DE PERSONA
Nombre de persona Ortiz Ricaurte, Edgar Henry.
9 (RLIN) 29702
245 13 - MENCIÓN DE TÍTULO
Título La protección del testigo :
Resto del título derecho comparado, legislación y jurisprudencia /
Mención de responsabilidad, etc. Edgar Henry Ortiz Ricaurte.
260 ## - PUBLICACIÓN, DISTRIBUCIÓN, ETC.
Lugar de publicación, distribución, etc. Santafé de Bogotá :
Nombre del editor, distribuidor, etc. Doctrina y Ley Ltda.,
Fecha de publicación, distribución, etc. 1999.
300 ## - DESCRIPCIÓN FÍSICA
Extensión xiv, 162 p. ;
Dimensiones 22 cm.
650 #4 - PUNTO DE ACCESO ADICIONAL DE MATERIA--TÉRMINO DE MATERIA
Término de materia o nombre geográfico como elemento de entrada Testigos
Subdivisión geográfica Colombia.
9 (RLIN) 29703
650 #0 - PUNTO DE ACCESO ADICIONAL DE MATERIA--TÉRMINO DE MATERIA
Término de materia o nombre geográfico como elemento de entrada Derecho comparado
9 (RLIN) 29704
Holdings
Estado de retiro Estado de pérdida Restricciones de uso No para préstamo Código de colección Localización permanente Ubicación/localización actual Ubicación en estantería Fecha de adquisición Número de inventario Total de préstamos Signatura topográfica completa Código de barras Fecha visto por última vez Precio válido a partir de Tipo de ítem Koha
    Préstamo interno   Monografías: Libros y Folletos General General Depósito 17.11.2009 LF1   347.066 O77p 12842-10 25.06.2020 25.06.2020 Préstamo interno

Powered by Koha